Faculty of Law Library — Cairo University

Official Online Catalog

Alien Corporations in Conflict of Laws (A Study of Comparative Law) / (Record no. 62620)

MARC details
000 -LEADER
fixed length control field 01384nam a2200385 i 4500
003 - CONTROL NUMBER IDENTIFIER
control field OSt
005 - أخر تعامل مع التسجيلة
control field 20260211143413.0
008 - FIXED-LENGTH DATA ELEMENTS--GENERAL INFORMATION
fixed length control field 260211s1953 ua |||f m||| 0|| | eng d
040 ## - CATALOGING SOURCE
Original cataloguing agency EG-GICUC
Transcribing agency EG-GICUC
Modifying agency EG-GICUC
Description conventions rda
Language of cataloging: eng
041 0# - LANGUAGE CODE
Language code of text/sound track or separate title eng
Language code of summary or abstract eng
Language code of sung or spoken text eng
049 ## - Acquisition Source
Acquisition Source Gift
082 04 - DEWEY DECIMAL CLASSIFICATION NUMBER
Edition number 21
Classification number 347
097 ## - Degree
Degree Ph.D
099 ## - LOCAL FREE-TEXT CALL NUMBER (OCLC)
Local Call Number Law 12 PHD 1953
100 1# - MAIN ENTRY--PERSONAL NAME
Authority record control number or standard number Badr Amin M.
Preparation Author.
245 10 - TITLE STATEMENT
Title Alien Corporations in Conflict of Laws (A Study of Comparative Law) /
Statement of responsibility, etc. by Amin M. Badr ; President Dean Mohamed Saleh.
264 #0 - PRODUCTION, PUBLICATION, DISTRIBUTION, MANUFACTURE, AND COPYRIGHT NOTICE
Place of production, publication, distribution, manufacture Cairo:
Name of producer, publisher, distributor, manufacturer Cairo University - Faculty of Law;
Date of production, publication, distribution, manufacture, or copyright notice 1953.
300 ## - PHYSICAL DESCRIPTION
Extent 178 Pages;
Dimensions 25 Cm.
336 ## - CONTENT TYPE
Source rda content
Content type term Text
337 ## - MEDIA TYPE
Source rda media
Media type term unmediated
338 ## - CARRIER TYPE
Source rda carrier
Carrier type term volume
500 ## - General note
General note eng
502 ## - DISSERTATION NOTE
Dissertation note Doctora Thesis - Cairo University , Faculty of Law, Department of Private international law, 1953.
504 ## - BIBLIOGRAPHY, ETC. NOTE
Bibliography, etc. note Includes bibliographic references.
650 04 - SUBJECT ADDED ENTRY--TOPICAL TERM
Topical term or geographic name entry element Private international law
650 04 - SUBJECT ADDED ENTRY--TOPICAL TERM
Topical term or geographic name entry element Department of Public Law
653 #0 - INDEX TERM--UNCONTROLLED
Uncontrolled term .
655 #4 - INDEX TERM--GENRE/FORM
Genre/form data or focus term University theses
Geographic subdivision Cairo University
General subdivision Faculty of Law
700 1# - ADDED ENTRY--PERSONAL NAME
Personal name Saleh Dean Mohamed
Relator term presenter
710 2# - ADDED ENTRY--CORPORATE NAME
Corporate name or jurisdiction name as entry element Cairo University.
Subordinate unit Faculty of Law
856 ## - ELECTRONIC LOCATION AND ACCESS
Uniform Resource Identifier <a href="https://fll.law.cu.edu.eg/fulltext/th/T12-00298.pdf">https://fll.law.cu.edu.eg/fulltext/th/T12-00298.pdf</a>
900 ## - Thesis Information
Grant date 1980
Universities Cairo University
Faculties Faculty of Law
Department Department of Private international law
905 ## - Cataloger and Reviser Names
Cataloger Name: Hoda
942 ## - ADDED ENTRY ELEMENTS (KOHA)
Source of classification or shelving scheme Dewey Decimal Classification
Suppress in OPAC No
Koha item type Thesis
Edition 21
Holdings
Source of classification or shelving scheme Collection Home library Current library Date acquired Full call number Barcode Date last seen Copy number Effective from Koha item type
Dewey Decimal Classification القانون الدولي الخاص جــــامعة القــاهرة مكتبة كلية الحقوق - المبنى الرئيسي 11.02.2026 Law1 ENG 12 PHD 1953 1200298 C1 T12-00298 11.02.2026 1 11.02.2026 Thesis

© All rights reserved — Faculty of Law, Cairo University